000 00994nam a2200241Ia 4500
003 OSt
005 20220923212420.0
006 a|||||r|||| 00| 0
007 ta
008 220922b |||||||| |||| 00| 0 hin d
024 _a152,747
037 _cTextual
040 _aARTS
_cARTS
_bhin
041 _2hin
_ahin
082 _aNR2, 152L8.1
100 _aभातखडे, विष्णु नारायण
_9162457
245 0 _aहिन्दुस्तानी संगीत पद्धति क्रमिक पुस्तक मालिका, लक्ष्मी नारायण गर्ग अनु
246 _aHindustānī sangīt paddhati kramik pustak mālikā, lakṣhmī nārāyaṇ garga anu0
260 _aहाथरस
_b संगीत कार्यालय
_c1978
300 _a60 पृ.
_ccm.
942 _hNR2, 152L8.1
_cTEXL
_2CC
999 _c308396
_d308396